MARC
| LEADER | 00000 a a2200000 04500 | ||
|---|---|---|---|
| 001 | 24445 | ||
| 003 | |||
| 040 | |a CRAI/IIS |c CRAI/IIS | ||
| 090 | |a 175301 | ||
| 110 | |a Asociación centroamericana de familiares de detenidos desaparecidos | ||
| 245 | |a Memoria / |c Asociación centroamericana de familiares de detenidos desaparecidos | ||
| 260 | |a San Salvador: |b ACAFADE | ||
| 300 | |a 100 p. | ||
| 710 | |a ACAFADE | ||
| 999 | |c 4214 |d 4214 | ||
